| 000 | 01037nam a2200289 a 4500 | ||
|---|---|---|---|
| 003 | MX-MxUPN | ||
| 005 | 20241001063917.0 | ||
| 008 | 991125n1935 sp a fr 000 0 spa d | ||
| 035 | _aUPN01000056644 | ||
| 040 |
_aMX-MxUPN _bspa _cMX-MxUPN |
||
| 041 | _aspa | ||
| 050 | 4 |
_aLC1021 C5 _bT46 |
|
| 245 | 0 | 0 |
_aTests para el examen de la inteligencia : _bI escala métrica Binet-Simón |
| 260 |
_aMadrid : _bEdiciones de la Lectura, _bEspasa - Calipe, _c1935. |
||
| 300 |
_a103 páginas : _biustraciones |
||
| 490 | 0 | _aCiencia y educación. Tests | |
| 500 | _aA la cabeza de la cubierta: Biblioteca pedagógica | ||
| 650 | 0 |
_aEducación clásica _916408 |
|
| 650 | 4 |
_aInteligencia _9939 |
|
| 650 | 4 |
_aNiño, Estudio del _9221 |
|
| 710 | 2 |
_aInstituto Nacional de Pedagogía (México) _epropietario anterior _928088 |
|
| 710 | 2 |
_951353 _aCentro Nacional de Documentación e Información Educativa (México) _epropietario anterior |
|
| 902 | _bMaríaRobles/250824 | ||
| 904 |
_aAC _b056647 |
||
| 905 | _aLibro | ||
| 942 |
_2lcc _cLIBRO _n0 |
||
| 999 |
_c56644 _d56644 |
||